[Event "HEM 2006 A"]
[Site "Marburg"]
[Date "2006.04.08"]
[Round "1.1"]
[White "Rücker, Benjamin"]
[Black "Bietz, Fabian"]
[Result "0-1"]
[WhiteElo "2229"]
[BlackElo "2042"]
[PlyCount "70"]
[EventDate "2006.04.08"]
[EventType "swiss"]
[EventCountry "GER"]

1. d4 Nf6 2. Bg5 d6 3. Bxf6 gxf6 4. g3 e5 5. Nc3 Nc6 6. d5 Ne7 7. Bg2 Ng6 8. e3
h5 9. h4 Bg4 10. Qd3 Bg7 11. Nge2 Bd7 12. a4 f5 13. f4 e4 14. Qc4 c5 15. a5 Rb8
16. Nb5 Bxb5 17. Qxb5+ Qd7 18. Qb3 O-O 19. Kf2 b5 20. Nc3 Rfc8 21. Bf1 c4 22.
Qb4 Kh7 23. Bh3 Ne7 24. Nxe4 Kg6 25. Rhd1 Rd8 26. Nc3 a6 27. Bg2 Re8 28. Bf3
Ng8 29. Re1 Nf6 30. Rad1 Ng4+ 31. Bxg4 fxg4 32. e4 Rbd8 33. Re2 Re7 34. Rde1
Bd4+ 35. Kg2 Bc5 0-1

[Event "HEM 2006 A"]
[Site "Marburg"]
[Date "2006.04.08"]
[Round "1.3"]
[White "Gramlich, Sebastian"]
[Black "Hoppe, Michael"]
[Result "1-0"]
[WhiteElo "2122"]
[BlackElo "1973"]
[PlyCount "141"]
[EventDate "2006.04.08"]
[EventType "swiss"]
[EventCountry "GER"]

1. d4 d5 2. c4 e6 3. Nc3 Nf6 4. Bg5 Nbd7 5. Nf3 c6 6. e3 Qa5 7. Nd2 Bb4 8. Qc2
O-O 9. Be2 dxc4 10. Bxf6 Nxf6 11. Nxc4 Qc7 12. O-O Re8 13. Rac1 Bd7 14. Qb3 Be7
15. Bf3 Rab8 16. Rfd1 Red8 17. a4 b5 18. axb5 cxb5 19. Ne5 Qb6 20. d5 Qd6 21.
Nxd7 Qxd7 22. dxe6 Qxe6 23. Qxe6 fxe6 24. Rxd8+ Bxd8 25. Ne2 e5 26. Ng3 Kf7 27.
Bd1 a5 28. Nf5 g6 29. Bb3+ Kf8 30. Nd6 a4 31. Bd1 Be7 32. Nc8 Bb4 33. Na7 Rb7
34. Nc6 Rc7 35. Be2 Bd2 36. Rc2 b4 37. Nxb4 Rxc2 38. Nxc2 Bc1 39. Bb5 Bxb2 40.
Bxa4 Ke7 41. Kf1 Kd6 42. Ke2 Ne4 43. Bb3 h6 44. Bf7 g5 45. Bg6 Nc5 46. Kf3 Ke6
47. h3 Kf6 48. Be8 Bc3 49. Na3 Nb7 50. Nb5 Ba5 51. Bc6 Nd8 52. Bd5 Ne6 53. Bxe6
Kxe6 54. Ke4 Be1 55. f3 Ba5 56. Na3 Be1 57. g4 Bg3 58. Nc4 Bh2 59. Kd3 Kd5 60.
e4+ Ke6 61. Ne3 Kf6 62. Nf5 Kg6 63. Kc4 h5 64. Kd5 hxg4 65. hxg4 Kf6 66. Kc6
Bf4 67. Kd7 Kf7 68. Ne7 Bg3 69. Nd5 Bh2 70. Kd6 Bg3 71. Nb6 1-0

[Event "HEM 2006 A"]
[Site "Marburg"]
[Date "2006.04.08"]
[Round "1.4"]
[White "Schoenfelder, Michael"]
[Black "Bender, Dirk"]
[Result "1/2-1/2"]
[WhiteElo "1960"]
[BlackElo "2113"]
[PlyCount "48"]
[EventDate "2006.04.08"]
[EventType "swiss"]
[EventCountry "GER"]

1. Nf3 c5 2. g3 g6 3. Bg2 Bg7 4. O-O Nc6 5. e4 e6 6. c3 Nge7 7. d4 cxd4 8. Nxd4
Nxd4 9. cxd4 Qb6 10. e5 Nc6 11. Be3 Qxb2 12. Nd2 d5 13. exd6 Nxd4 14. Rb1 Qxa2
15. Ne4 e5 16. Nc5 O-O 17. Bxd4 exd4 18. d7 Bxd7 19. Nxd7 Rfe8 20. Bxb7 Rad8
21. Nc5 Re7 22. Nd3 Qc4 23. Qf3 a5 24. Rfc1 Qe6 1/2-1/2

[Event "HEM 2006 A"]
[Site "Marburg"]
[Date "2006.04.08"]
[Round "1.5"]
[White "Keuth, Gerd Erich"]
[Black "Wimmer, Thomas"]
[Result "1-0"]
[WhiteElo "2112"]
[BlackElo "1956"]
[PlyCount "75"]
[EventDate "2006.04.08"]
[EventType "swiss"]
[EventCountry "GER"]

1. c4 f5 2. g3 Nf6 3. Nc3 g6 4. Bg2 Bg7 5. Nf3 O-O 6. O-O d6 7. d4 Nc6 8. d5
Ne5 9. Qb3 h6 10. Be3 g5 11. Bd4 Nh5 12. e3 a6 13. Rad1 Qe8 14. c5 Kh8 15. Ne2
Bf6 16. Qc3 Nf7 17. Rc1 Kg8 18. Bxf6 Nxf6 19. Nfd4 Ne5 20. cxd6 cxd6 21. Ne6
Bxe6 22. dxe6 Qh5 23. Nd4 f4 24. exf4 gxf4 25. gxf4 Nc6 26. Nxc6 bxc6 27. Qh3
Qg6 28. Qg3 Ng4 29. h3 Kh7 30. hxg4 Qxe6 31. Rfe1 Qf6 32. Be4+ Kg8 33. Bxc6
Rab8 34. Bd5+ Kh7 35. Re6 Qxf4 36. Rxe7+ Kh8 37. Rcc7 Qd4 38. Rh7# 1-0

[Event "HEM 2006 A"]
[Site "Marburg"]
[Date "2006.04.08"]
[Round "1.6"]
[White "Leidorf, Sebastian"]
[Black "Rubel, Julian"]
[Result "1/2-1/2"]
[WhiteElo "1940"]
[BlackElo "2111"]
[PlyCount "45"]
[EventDate "2006.04.08"]
[EventType "swiss"]
[EventCountry "GER"]

1. e4 c5 2. Nc3 e6 3. g3 Nc6 4. Bg2 g6 5. d3 Bg7 6. Be3 d6 7. Qd2 Nge7 8. Bh6
O-O 9. h4 f6 10. Bxg7 Kxg7 11. h5 Rh8 12. hxg6 hxg6 13. Rxh8 Qxh8 14. Nf3 a6
15. O-O-O Qh6 16. Qxh6+ Kxh6 17. d4 e5 18. dxc5 dxc5 19. Nd5 Kg7 20. Nc7 Rb8
21. Ne8+ Kf7 22. Nd6+ Kg7 23. Ne8+ 1/2-1/2

[Event "HEM 2006 A"]
[Site "Marburg"]
[Date "2006.04.08"]
[Round "1.7"]
[White "Feicht, Arno"]
[Black "Schmidt, Dietmar"]
[Result "1-0"]
[WhiteElo "2107"]
[BlackElo "1930"]
[PlyCount "43"]
[EventDate "2006.04.08"]
[EventType "swiss"]
[EventCountry "GER"]

1. e4 d5 2. exd5 Qxd5 3. Nf3 Bg4 4. Be2 Nf6 5. d4 e6 6. c4 Qd8 7. O-O Be7 8.
Nc3 O-O 9. h3 Bxf3 10. Bxf3 c6 11. Re1 Qd7 12. a3 Rd8 13. Qb3 Na6 14. Be3 Rab8
15. Qc2 b5 16. d5 exd5 17. cxb5 cxb5 18. Rad1 Qb7 19. Bd4 Rd7 20. Bxf6 Bxf6 21.
Nxd5 Rc8 22. Qf5 1-0

[Event "HEM 2006 A"]
[Site "Marburg"]
[Date "2006.04.08"]
[Round "1.9"]
[White "von Kiedrowski, Klemens"]
[Black "Storkebaum, Ulrike"]
[Result "1/2-1/2"]
[WhiteElo "2087"]
[BlackElo "1891"]
[PlyCount "37"]
[EventDate "2006.04.08"]
[EventType "swiss"]
[EventCountry "GER"]

1. d4 Nf6 2. Nc3 g6 3. e4 d6 4. Be3 Bg7 5. Qd2 O-O 6. Bh6 a6 7. a4 e5 8. Bxg7
Kxg7 9. dxe5 dxe5 10. Qxd8 Rxd8 11. Nf3 Nc6 12. Bc4 h6 13. O-O Bg4 14. Ne1 Rd6
15. Nd3 Re8 16. f3 Bc8 17. a5 Nd4 18. Rf2 g5 19. Nd1 1/2-1/2

[Event "HEM 2006 A"]
[Site "Marburg"]
[Date "2006.04.08"]
[Round "1.10"]
[White "Overbeck, Christopher"]
[Black "Althoff, Guntram"]
[Result "1-0"]
[WhiteElo "1815"]
[BlackElo "2080"]
[PlyCount "43"]
[EventDate "2006.04.08"]
[EventType "swiss"]
[EventCountry "GER"]

1. e4 d5 2. exd5 Qxd5 3. Nc3 Qa5 4. d4 c6 5. Bc4 Nf6 6. Nf3 Bf5 7. Bd2 e6 8.
Nd5 Qd8 9. Nxf6+ Qxf6 10. Qe2 Bg4 11. d5 Be7 12. dxe6 fxe6 13. O-O-O Nd7 14.
Rhe1 Bxf3 15. gxf3 e5 16. f4 exf4 17. Bb4 c5 18. Bc3 f3 19. Qe4 Qg5+ 20. Kb1
Nb6 21. Bb5+ Kf8 22. Rg1 1-0

[Event "HEM 2006 A"]
[Site "Marburg"]
[Date "2006.04.08"]
[Round "1.11"]
[White "Warnk, Torsten"]
[Black "Liebert, Frank"]
[Result "1-0"]
[WhiteElo "2079"]
[BlackElo "1652"]
[PlyCount "129"]
[EventDate "2006.04.08"]
[EventType "swiss"]
[EventCountry "GER"]

1. d4 d5 2. Nf3 c5 3. c3 e6 4. Bf4 Qb6 5. Qc2 Nc6 6. e3 Bd7 7. Nbd2 Nf6 8. Bd3
cxd4 9. exd4 Rc8 10. Qb3 Qxb3 11. axb3 Be7 12. Ne5 a6 13. Ndf3 O-O 14. Bg5 Rfd8
15. O-O h6 16. Be3 Be8 17. Nxc6 Bxc6 18. Ne5 Be8 19. f4 Ne4 20. f5 f6 21. Bxe4
fxe5 22. Bd3 e4 23. Be2 Bd7 24. Bg4 exf5 25. Bxf5 Bxf5 26. Rxf5 Rc6 27. Ra5 b5
28. Rf1 Rf8 29. Rxf8+ Bxf8 30. Kf2 Rf6+ 31. Ke2 Be7 32. g3 Bd8 33. Ra1 a5 34.
Bf4 Ra6 35. Ke3 a4 36. c4 dxc4 37. bxc4 bxc4 38. Kxe4 Ra5 39. Rc1 Bg5 40. Rxc4
Bxf4 41. Kxf4 a3 42. bxa3 Rxa3 43. Rc2 Kf7 44. Ke5 Ra6 45. d5 Ke8 46. Rc7 Rg6
47. d6 Kd8 48. Kd5 Rg5+ 49. Kc6 Rg4 50. Ra7 Rc4+ 51. Kd5 Rc2 52. h4 g5 53. hxg5
hxg5 54. Rg7 Rd2+ 55. Ke6 Re2+ 56. Kf5 Rd2 57. Kxg5 Rxd6 58. Rf7 Ke8 59. Rf4
Ke7 60. g4 Ra6 61. Kh5 Rf6 62. Rxf6 Kxf6 63. Kh6 Kf7 64. g5 Kg8 65. Kg6 1-0

[Event "HEM 2006 A"]
[Site "Marburg"]
[Date "2006.04.08"]
[Round "1.12"]
[White "Lukat, Lutz"]
[Black "Schwartz, Gerhard"]
[Result "0-1"]
[WhiteElo "1635"]
[BlackElo "2075"]
[PlyCount "62"]
[EventDate "2006.04.08"]
[EventType "swiss"]
[EventCountry "GER"]

1. d4 Nf6 2. c4 e6 3. Nc3 Bb4 4. Qb3 Nc6 5. d5 Nd4 6. Qd1 c5 7. dxc6 Nxc6 8.
Bd2 Qb6 9. e3 O-O 10. Nf3 d5 11. cxd5 exd5 12. Be2 Bg4 13. O-O Rad8 14. a3 Bd6
15. Na4 Qc7 16. h3 Bc8 17. Rc1 Qe7 18. Re1 Ne4 19. Bc3 Ne5 20. Bxe5 Bxe5 21.
Nxe5 Qxe5 22. Qd4 Qg5 23. Kf1 Qh4 24. g3 Qxh3+ 25. Kg1 Nxg3 26. fxg3 Qxg3+ 27.
Kh1 Rd6 28. Qf4 Qh3+ 29. Qh2 Qd7 30. Rg1 Kh8 31. Kg2 Rh6 0-1

[Event "HEM 2006 A"]
[Site "Marburg"]
[Date "2006.04.08"]
[Round "1.13"]
[White "Lahr, Marcus"]
[Black "Beyertt, Torsten"]
[Result "1-0"]
[WhiteElo "2073"]
[BlackElo "1611"]
[PlyCount "67"]
[EventDate "2006.04.08"]
[EventType "swiss"]
[EventCountry "GER"]

1. c4 e5 2. g3 Nf6 3. Bg2 Nc6 4. Nc3 Bb4 5. Nf3 O-O 6. O-O e4 7. Ng5 Bxc3 8.
bxc3 Re8 9. f3 exf3 10. Nxf3 d6 11. Rb1 Rb8 12. d3 d5 13. Bg5 dxc4 14. d4 h6
15. Bxf6 gxf6 16. Qd2 Bf5 17. Rb5 Bh7 18. Qxh6 Qe7 19. e4 Qxe4 20. Ne5 Qe2 21.
Qxf6 Nxe5 22. Rxe5 Rxe5 23. Qxf7+ Kh8 24. Qf6+ Kg8 25. dxe5 Qe3+ 26. Kh1 Be4
27. Qf7+ Kh8 28. Qh5+ Bh7 29. g4 Qe2 30. h3 Qd3 31. Rf7 c6 32. e6 Qg6 33. Qe5+
Kg8 34. Qxb8# 1-0

[Event "HEM 2006 A"]
[Site "Marburg"]
[Date "2006.04.08"]
[Round "1.14"]
[White "Alonzo, Desi"]
[Black "Rompel, Michael"]
[Result "0-1"]
[WhiteElo "1525"]
[BlackElo "2068"]
[PlyCount "122"]
[EventDate "2006.04.08"]
[EventType "swiss"]
[EventCountry "GER"]

1. e4 c5 2. Nf3 d6 3. d4 cxd4 4. Nxd4 Nf6 5. Nc3 Nc6 6. Be3 Bd7 7. Be2 g6 8.
O-O Bg7 9. f4 O-O 10. Kh1 Qc8 11. Bf3 Bg4 12. Nxc6 bxc6 13. f5 Bxf3 14. Qxf3
Nd7 15. Qh3 Qb7 16. Bh6 Qxb2 17. Bxg7 Kxg7 18. Rab1 Qxc2 19. Rb7 Ne5 20. Rxe7
Qd2 21. Nd1 h6 22. Qg3 Qg5 23. f6+ Kg8 24. Qa3 Ng4 25. Qxd6 Rad8 26. Qg3 Qxf6
27. Kg1 Qxe7 28. Qxg4 Rd2 29. Ne3 Qc5 30. Qg3 Rxa2 31. h4 Ra3 32. Re1 Qc3 33.
h5 g5 34. Re2 Qd3 35. Qf2 Rb8 36. Nf5 Ra1+ 37. Kh2 Qd7 38. Nxh6+ Kg7 39. Nf5+
Kf8 40. h6 Qc7+ 41. g3 Rbb1 42. h7 Rh1+ 43. Kg2 Rxh7 44. Qc5+ Kg8 45. Ne7+ Kg7
46. Qc3+ Kf8 47. Nd5 Qd6 48. Nf6 Rhh1 49. e5 Qd1 50. Qb4+ Kg7 51. Ne8+ Kg6 52.
Qe4+ Kh6 53. Qxc6+ Kh7 54. Qe4+ Kg8 55. Nf6+ Kg7 56. Ne8+ Kf8 57. Qb4+ Kxe8 58.
Qb8+ Qd8 59. Qb5+ Kf8 60. Qc5+ Kg8 61. e6 fxe6 0-1

[Event "HEM 2006 A"]
[Site "Marburg"]
[Date "2006.04.08"]
[Round "1.15"]
[White "Ahrends, Norbert"]
[Black "Reuter, Klaus"]
[Result "1-0"]
[WhiteElo "2065"]
[BlackElo "1496"]
[PlyCount "67"]
[EventDate "2006.04.08"]
[EventType "swiss"]
[EventCountry "GER"]

1. d4 Nf6 2. Nf3 e6 3. g3 d5 4. Bg2 c5 5. O-O Qb6 6. Nc3 Bd7 7. e3 Be7 8. Ne5
O-O 9. Ne2 Bb5 10. b3 Bxe2 11. Qxe2 cxd4 12. Nf3 Nc6 13. Rd1 dxe3 14. Bxe3 Bc5
15. Rac1 Bxe3 16. fxe3 Ng4 17. Nd4 Nxd4 18. exd4 f5 19. c4 Rad8 20. cxd5 exd5
21. Rc5 Qh6 22. Bxd5+ Rxd5 23. Rxd5 Ne3 24. Re5 Nxd1 25. Qxd1 Rc8 26. Kg2 Qg6
27. Qd3 Qc6+ 28. Qf3 Qa6 29. Qxf5 Qxa2+ 30. Kh3 Rf8 31. Qe6+ Kh8 32. Qf7 Rg8
33. Re8 Qxb3 34. Rxg8# 1-0

[Event "HEM 2006 A"]
[Site "Marburg"]
[Date "2006.04.09"]
[Round "2.1"]
[White "Rompel, Michael"]
[Black "Gramlich, Sebastian"]
[Result "0-1"]
[WhiteElo "2068"]
[BlackElo "2122"]
[PlyCount "134"]
[EventDate "2006.04.08"]
[EventType "swiss"]
[EventCountry "GER"]

1. d4 d5 2. c3 Nc6 3. f4 f6 4. e3 a6 5. Bd3 Nh6 6. Qc2 g6 7. Nf3 Bg7 8. c4 O-O
9. cxd5 Nb4 10. Qb3 Nxd3+ 11. Qxd3 Qxd5 12. Nc3 Qd6 13. O-O Bf5 14. e4 Be6 15.
Bd2 Rad8 16. Rad1 b5 17. b3 Qb6 18. Kh1 c6 19. Be3 Qb7 20. Qc2 Rc8 21. Rd3 Rfd8
22. Rfd1 Bg4 23. Qf2 f5 24. e5 Bxf3 25. Qxf3 e6 26. h3 Rd7 27. Bf2 Kh8 28. Rc1
Ng8 29. Ne2 Ne7 30. Qe3 Nd5 31. Qd2 Bf8 32. Qb2 Qb6 33. Be1 Be7 34. Bd2 Kg8 35.
Ng1 Kf7 36. Nf3 Rdc7 37. b4 Qb7 38. Ne1 Nb6 39. Qb3 Rd7 40. Bc3 Nd5 41. Rf3
Rcd8 42. Rd1 h5 43. a3 Qa7 44. Nc2 Rc8 45. Na1 Bd8 46. Qc2 Bb6 47. Nb3 Rcd8 48.
Bb2 Rc8 49. Rc1 a5 50. bxa5 Bxa5 51. Qf2 Rdd8 52. Qh4 Bb6 53. Qg5 Qe7 54. Qg3
Rg8 55. Qf2 g5 56. fxg5 Qxg5 57. Rc2 h4 58. Bc1 Qh5 59. Qe1 Rg3 60. Rxg3 hxg3
61. Bd2 f4 62. Rc1 Qf5 63. Qe2 Rh8 64. Rf1 Ke7 65. Bc1 Nc3 66. Qd2 Qe4 67. Kg1
Ne2+ 0-1

[Event "HEM 2006 A"]
[Site "Marburg"]
[Date "2006.04.09"]
[Round "2.2"]
[White "Ahrends, Norbert"]
[Black "Keuth, Gerd Erich"]
[Result "1/2-1/2"]
[WhiteElo "2065"]
[BlackElo "2112"]
[PlyCount "186"]
[EventDate "2006.04.08"]
[EventType "swiss"]
[EventCountry "GER"]

1. d4 d5 2. c4 e6 3. Nc3 Nf6 4. Bg5 Nbd7 5. cxd5 exd5 6. e3 Be7 7. Bd3 c6 8.
Nf3 Ne4 9. Bxe4 Bxg5 10. Bd3 Be7 11. Qc2 h6 12. O-O O-O 13. a3 b6 14. b4 Bb7
15. Qb3 a6 16. Rfc1 b5 17. Ne2 Nb6 18. Bc2 Bf6 19. Qd3 g6 20. Nf4 Qe8 21. h3
Nc4 22. Re1 Nd6 23. Nd2 Qd7 24. f3 Qf5 25. Qc3 Qg5 26. Ne2 h5 27. e4 Nc4 28. f4
Qh6 29. e5 Be7 30. Nxc4 bxc4 31. f5 Bg5 32. Rf1 Rae8 33. f6 Bc8 34. Rad1 h4 35.
Qf3 Kh8 36. Nc3 Bd2 37. Na4 Qe3+ 38. Kh2 Qxf3 39. Rxf3 Bh6 40. Nc5 g5 41. g4
hxg3+ 42. Kxg3 Rg8 43. Rf2 Bf8 44. Ba4 Bxc5 45. bxc5 Bd7 46. Rb1 Rb8 47. Rfb2
Rb5 48. Bxb5 axb5 49. Rf2 Ra8 50. Rf3 Kh7 51. Rg1 Kg6 52. Kf2 Rh8 53. Rfg3 Rh5
54. Ke1 Bxh3 55. Rh1 g4 56. Rh2 Kf5 57. Kd2 Kf4 58. Rg1 g3 59. Rxh3 Rxh3 60. e6
Rh2+ 61. Kd1 Rh8 62. e7 Kf3 63. Rf1+ Kg2 64. Ke2 Kh2 65. Kf3 Rg8 66. Re1 g2 67.
e8=Q g1=Q 68. Rxg1 Rxe8 69. Rg2+ Kh3 70. Rg7 Kh4 71. Rxf7 Kg5 72. Re7 Rf8 73.
f7 Kf6 74. Rc7 Rxf7 75. Rxc6+ Kg5+ 76. Ke3 Ra7 77. Rd6 Rxa3+ 78. Ke2 Kf4 79.
Rxd5 Ra2+ 80. Kd1 Ke4 81. Rh5 Kxd4 82. c6 Ra7 83. Rxb5 c3 84. Rb7 Ra1+ 85. Kc2
Ra2+ 86. Kc1 Ra1+ 87. Kc2 Ra2+ 88. Kc1 Ra1+ 89. Rb1 Ra6 90. c7 Rc6 91. Kc2 Rxc7
92. Rh1 Re7 93. Rh4+ Re4 1/2-1/2

[Event "HEM 2006 A"]
[Site "Marburg"]
[Date "2006.04.09"]
[Round "2.3"]
[White "Muth, Andreas"]
[Black "Feicht, Arno"]
[Result "0-1"]
[WhiteElo "2053"]
[BlackElo "2107"]
[PlyCount "66"]
[EventDate "2006.04.08"]
[EventType "swiss"]
[EventCountry "GER"]

1. d4 Nf6 2. Nf3 g6 3. c4 Bg7 4. g3 d6 5. Nc3 O-O 6. Bg2 Nbd7 7. O-O e5 8. Qc2
Re8 9. Rd1 c6 10. e4 exd4 11. Nxd4 Nc5 12. h3 Qe7 13. Re1 Nfxe4 14. Nxe4 Bxd4
15. Bg5 Qf8 16. Bh6 Qxh6 17. Nf6+ Bxf6 18. Rxe8+ Kg7 19. Rd1 Bf5 20. Qe2 Rxe8
21. Qxe8 Bxh3 22. b4 Ne6 23. Rxd6 Qc1+ 24. Kh2 Bxg2 25. Kxg2 Qxc4 26. Rd7 Ng5
27. Rxb7 Qd5+ 28. Kf1 Qh1+ 29. Ke2 Qf3+ 30. Kf1 Bd4 31. Ke1 Bxf2+ 32. Kd2 Ne4+
33. Kc2 Qc3+ 0-1

[Event "HEM 2006 A"]
[Site "Marburg"]
[Date "2006.04.09"]
[Round "2.4"]
[White "Bietz, Fabian"]
[Black "Warnk, Torsten"]
[Result "1-0"]
[WhiteElo "2042"]
[BlackElo "2079"]
[PlyCount "89"]
[EventDate "2006.04.08"]
[EventType "swiss"]
[EventCountry "GER"]

1. d4 d5 2. c4 c6 3. Nc3 Nf6 4. Nf3 g6 5. Bg5 Bg7 6. e3 O-O 7. Qb3 e6 8. Be2
Nbd7 9. O-O Qb6 10. Qc2 Re8 11. Rfd1 dxc4 12. Bxc4 Qb4 13. Be2 Nd5 14. e4 Nxc3
15. bxc3 Qa5 16. Rab1 e5 17. d5 cxd5 18. Rxd5 Qc7 19. Rbd1 f6 20. Qb3 Kh8 21.
Be3 Nb6 22. Rd6 Bg4 23. Bxb6 axb6 24. Rxb6 Rec8 25. Rxb7 Qxc3 26. Qf7 Rg8 27.
h3 Bxf3 28. gxf3 Qc2 29. Kf1 Rxa2 30. Qc4 Rb2 31. Qxc2 Rxc2 32. Rdd7 Rcc8 33.
Kg2 Rb8 34. Rxg7 Rxb7 35. Rxb7 Rc8 36. Bb5 h6 37. Bd7 Rd8 38. Be6 Rd6 39. Bd5
g5 40. Rc7 Rd8 41. Rf7 Rd6 42. Kg3 h5 43. h4 gxh4+ 44. Kxh4 Rb6 45. Kxh5 1-0

[Event "HEM 2006 A"]
[Site "Marburg"]
[Date "2006.04.09"]
[Round "2.5"]
[White "Schwartz, Gerhard"]
[Black "Overbeck, Christopher"]
[Result "1/2-1/2"]
[WhiteElo "2075"]
[BlackElo "1815"]
[PlyCount "50"]
[EventDate "2006.04.08"]
[EventType "swiss"]
[EventCountry "GER"]

1. c4 Nf6 2. Nc3 d5 3. e3 g6 4. Nf3 Bg7 5. d4 O-O 6. b4 b6 7. Bb2 c5 8. b5 cxd4
9. exd4 dxc4 10. Bxc4 Bb7 11. O-O Qd6 12. Qe2 Ng4 13. Ne4 Qf4 14. Rfe1 Nd7 15.
h3 Ngf6 16. Nxf6+ Nxf6 17. Ne5 Bd5 18. Rad1 Rac8 19. Bd3 Qg5 20. g3 Nh5 21. h4
Qf6 22. Nd7 Qf3 23. Qxf3 Bxf3 24. Nxf8 Bxd1 25. Rxd1 Kxf8 1/2-1/2

[Event "HEM 2006 A"]
[Site "Marburg"]
[Date "2006.04.09"]
[Round "2.7"]
[White "Lange, Klaus"]
[Black "von Kiedrowski, Klemens"]
[Result "1/2-1/2"]
[WhiteElo "2174"]
[BlackElo "2087"]
[PlyCount "134"]
[EventDate "2006.04.08"]
[EventType "swiss"]
[EventCountry "GER"]

1. Nf3 g6 2. g3 Bg7 3. Bg2 c5 4. c4 Nc6 5. O-O e5 6. Nc3 Nge7 7. d3 d6 8. e4
O-O 9. Nd5 Rb8 10. Rb1 a6 11. Bg5 f6 12. Bd2 b5 13. Qc1 Bg4 14. cxb5 axb5 15.
b4 Nxd5 16. exd5 Nxb4 17. Bxb4 cxb4 18. Rxb4 Bd7 19. h4 Ra8 20. Qc2 Qa5 21. Rb2
Rfc8 22. Qe2 Bh6 23. h5 Bg4 24. hxg6 hxg6 25. d4 exd4 26. Rxb5 Qc3 27. Qe4 Bf5
28. Qh4 Bg7 29. Rb7 Rxa2 30. Qxd4 Qxd4 31. Nxd4 Bd3 32. Re1 f5 33. Nc6 Bf6 34.
Re6 Rf8 35. Rxd6 Ra1+ 36. Kh2 Ra2 37. Ne7+ Bxe7 38. Rxe7 f4 39. gxf4 Rxf2 40.
Kg3 R2xf4 41. Rdd7 R4f7 42. d6 Bf5 43. Ra7 Rxe7 44. dxe7 Re8 45. Bc6 Kf7 46.
Bxe8+ Kxe8 47. Kf4 Bd7 48. Ke5 Kxe7 49. Ra6 Kf7 50. Kf4 Be6 51. Kg5 Bf5 52. Rb6
Ke7 53. Kf4 Kf7 54. Ke5 Kg7 55. Rb7+ Kh6 56. Kf6 Kh5 57. Rb4 Bd3 58. Rb3 Bf5
59. Rg3 Kh4 60. Rg1 Kh5 61. Rg2 Be4 62. Rg5+ Kh4 63. Rg1 Kh5 64. Ke5 Bf5 65.
Kf4 Kh6 66. Rh1+ Kg7 67. Kg5 Kf7 1/2-1/2

[Event "HEM 2006 A"]
[Site "Marburg"]
[Date "2006.04.09"]
[Round "2.8"]
[White "Bender, Dirk"]
[Black "Michel, Stephan"]
[Result "1/2-1/2"]
[WhiteElo "2113"]
[BlackElo "1902"]
[PlyCount "62"]
[EventDate "2006.04.08"]
[EventType "swiss"]
[EventCountry "GER"]

1. c4 g6 2. g3 Bg7 3. Bg2 d6 4. e3 Nd7 5. Ne2 e5 6. Nbc3 f5 7. d3 Ngf6 8. O-O
O-O 9. Rb1 c6 10. b4 Qe7 11. a4 Kh8 12. a5 e4 13. dxe4 Nxe4 14. Qc2 Nxc3 15.
Nxc3 Ne5 16. b5 Nxc4 17. bxc6 Nxa5 18. Nd5 Qf7 19. Qa4 Nxc6 20. Nb6 Rb8 21. Nc4
d5 22. Nd6 Qe6 23. Ba3 Rd8 24. Rfd1 Rxd6 25. Bxd6 Qxd6 26. Bxd5 Bd7 27. Bg2 Qc7
28. Rxd7 Qxd7 29. Bxc6 Qd3 30. Rd1 Qa6 31. Qxa6 bxa6 1/2-1/2

[Event "HEM 2006 A"]
[Site "Marburg"]
[Date "2006.04.09"]
[Round "2.9"]
[White "Rubel, Julian"]
[Black "Schoenfelder, Michael"]
[Result "1-0"]
[WhiteElo "2111"]
[BlackElo "1960"]
[PlyCount "51"]
[EventDate "2006.04.08"]
[EventType "swiss"]
[EventCountry "GER"]

1. d4 Nf6 2. Bg5 e6 3. e3 h6 4. Bh4 c5 5. c3 d5 6. Bd3 Bd6 7. Nf3 b6 8. Qe2 Bb7
9. Bxf6 Qxf6 10. Nbd2 O-O 11. e4 dxe4 12. Nxe4 Qe7 13. O-O-O Nc6 14. Nxd6 Qxd6
15. dxc5 Qxc5 16. Qe4 g6 17. Qf4 Kg7 18. h4 Rfe8 19. h5 e5 20. Qh4 Rh8 21. Bxg6
Rad8 22. Be4 Rhf8 23. Qg4+ Kf6 24. Rd7 Bc8 25. Qf5+ Kg7 26. Rh4 1-0

[Event "HEM 2006 A"]
[Site "Marburg"]
[Date "2006.04.09"]
[Round "2.10"]
[White "Forgach, Andreas"]
[Black "Leidorf, Sebastian"]
[Result "1/2-1/2"]
[WhiteElo "2095"]
[BlackElo "1940"]
[PlyCount "25"]
[EventDate "2006.04.08"]
[EventType "swiss"]
[EventCountry "GER"]

1. e4 d6 2. d4 Nf6 3. Nc3 c6 4. Nf3 Bg4 5. Be2 e6 6. O-O d5 7. exd5 cxd5 8. Ne5
Bxe2 9. Qxe2 a6 10. Re1 Nc6 11. Nxf7 Kxf7 12. Qxe6+ Kg6 13. Ne2 1/2-1/2

[Event "HEM 2006 A"]
[Site "Marburg"]
[Date "2006.04.09"]
[Round "2.11"]
[White "Storkebaum, Ulrike"]
[Black "Wolff, Peter"]
[Result "1/2-1/2"]
[WhiteElo "1891"]
[BlackElo "2005"]
[PlyCount "180"]
[EventDate "2006.04.08"]
[EventType "swiss"]
[EventCountry "GER"]

1. e4 c6 2. d4 d5 3. Nc3 dxe4 4. Nxe4 Bf5 5. Ng3 Bg6 6. h4 h6 7. h5 Bh7 8. Nf3
Nd7 9. Bd3 Bxd3 10. Qxd3 Ngf6 11. Bf4 e6 12. O-O-O Be7 13. Kb1 O-O 14. Ne4 Nxe4
15. Qxe4 Nf6 16. Qd3 Qd5 17. c4 Qe4 18. Qxe4 Nxe4 19. Be3 Rfd8 20. Nd2 Nf6 21.
f3 Rd7 22. Nb3 Rad8 23. Kc2 Ne8 24. g4 Nd6 25. Kc3 Nc8 26. Rd2 b6 27. Rhd1 a5
28. Rd3 Bf6 29. Kc2 a4 30. Nc1 Nd6 31. b3 b5 32. c5 axb3+ 33. axb3 Ne8 34. Ne2
Ra8 35. Nc3 Rda7 36. Rb1 Nc7 37. Rdd1 Ra3 38. Bc1 R3a7 39. Bb2 Rd8 40. Ne4 Be7
41. Ra1 Rda8 42. Rxa7 Rxa7 43. Ra1 Rxa1 44. Bxa1 Nd5 45. Kd3 Bd8 46. Bb2 Bc7
47. Bc1 Kf8 48. Bd2 Ke7 49. Nf2 f5 50. Ke2 Kf6 51. Nd3 Bg3 52. Ba5 Bh2 53. Bd8+
Kf7 54. Kf2 Ke8 55. Ba5 Ke7 56. Bd2 Kf6 57. Ba5 Ke7 58. Bd2 Bc7 59. Kg2 Kf6 60.
Kh3 Kf7 61. Kh4 Kf6 62. g5+ hxg5+ 63. Bxg5+ Kf7 64. Bd2 Bd8+ 65. Kg3 Bc7+ 66.
Kf2 Kf6 67. f4 Kf7 68. Kf3 Nf6 69. Be3 Nxh5 70. Nb4 Nf6 71. Nxc6 Nd5 72. Bd2
Ke8 73. b4 Bd8 74. Be1 Bf6 75. Bd2 Kd7 76. Ne5+ Bxe5 77. dxe5 Kc6 78. Kg3 Ne7
79. Kh4 Kd7 80. Kg5 Ke8 81. Kh5 Kf7 82. Kg5 Nc6 83. Kh4 Nd4 84. Kg3 Nc6 85. Kf3
Kg6 86. Ke3 Kh5 87. Be1 Kg4 88. Bc3 Kg3 89. Be1+ Kg4 90. Bc3 Kg3 1/2-1/2

[Event "HEM 2006 A"]
[Site "Marburg"]
[Date "2006.04.09"]
[Round "2.12"]
[White "Liebert, Frank"]
[Black "Rücker, Benjamin"]
[Result "0-1"]
[WhiteElo "1652"]
[BlackElo "2229"]
[PlyCount "124"]
[EventDate "2006.04.08"]
[EventType "swiss"]
[EventCountry "GER"]

1. d4 Nf6 2. Nf3 g6 3. c4 Bg7 4. Nc3 O-O 5. e4 d6 6. Be2 e5 7. dxe5 dxe5 8.
Qxd8 Rxd8 9. Bg5 Re8 10. O-O c6 11. Rad1 h6 12. Be3 Na6 13. a3 Bg4 14. Rd6 Nh5
15. h3 Be6 16. Rfd1 Nf4 17. Bf1 Bf8 18. R6d2 f6 19. b4 g5 20. Ne1 Kg7 21. Kh2
h5 22. g3 Ng6 23. Be2 Kh6 24. h4 Be7 25. Nf3 Nc7 26. Kg2 Rg8 27. hxg5+ fxg5 28.
Rh1 Nf4+ 29. gxf4 gxf4+ 30. Kf1 fxe3 31. fxe3 Bf6 32. Ne1 h4 33. Nf3 h3 34. Ke1
Rg3 35. Rd6 Be7 36. Rd2 Rf8 37. Nxe5 Bf6 38. Nd7 Bh4 39. Kd1 Rf2 40. Kc2 Rxe3
41. Nc5 Bc8 42. Nd1 Rexe2 43. Nxf2 Rxd2+ 44. Kxd2 Bxf2 45. Nd3 Bg3 46. Ke3 Kg5
47. Kf3 Kh4 48. Nc1 Ne6 49. Ne2 Ng5+ 50. Ke3 h2 51. Nf4 Kg4 52. Ng2 Nf3 53. Ke2
Ng1+ 54. Kd3 Kf3 55. Ne3 Bh3 56. Nf5 Be5 57. Ne3 Bg2 58. Rxh2 Bxh2 59. Nxg2
Kxg2 60. Kd4 b6 61. b5 Nf3+ 62. Ke3 c5 0-1

[Event "HEM 2006 A"]
[Site "Marburg"]
[Date "2006.04.09"]
[Round "2.14"]
[White "Hoppe, Michael"]
[Black "Beyertt, Torsten"]
[Result "1/2-1/2"]
[WhiteElo "1973"]
[BlackElo "1611"]
[PlyCount "34"]
[EventDate "2006.04.08"]
[EventType "swiss"]
[EventCountry "GER"]

1. c4 e5 2. Nc3 Nc6 3. g3 Nf6 4. Bg2 Bb4 5. Nf3 O-O 6. O-O e4 7. Ng5 Bxc3 8.
dxc3 Re8 9. Qc2 Qe7 10. Nh3 h6 11. Nf4 Qc5 12. b3 d6 13. Be3 Qe5 14. Rad1 Be6
15. Bd4 Nxd4 16. cxd4 Qf5 17. d5 Bd7 1/2-1/2